Barguzīdah-ʼi shiʻr-i Fārsī-i muʻāṣir. (Record no. 86378)
[ view plain ]
| 000 -LEADER | |
|---|---|
| fixed length control field | 01001cam a22002771 4500 |
| 001 - CONTROL NUMBER | |
| control field | sa 68015307 |
| 003 - CONTROL NUMBER IDENTIFIER | |
| control field | DLC |
| 005 - DATE AND TIME OF LATEST TRANSACTION | |
| control field | 20260227112642.0 |
| 008 - FIXED-LENGTH DATA ELEMENTS--GENERAL INFORMATION | |
| fixed length control field | 900709m19581963ii 000 0 perr |
| 010 ## - LIBRARY OF CONGRESS CONTROL NUMBER | |
| LC control number | sa 68015307 |
| 025 ## - OVERSEAS ACQUISITION NUMBER | |
| Overseas acquisition number | PL480:I-P-52 |
| 035 ## - SYSTEM CONTROL NUMBER | |
| System control number | (OCoLC)21982342 |
| 040 ## - CATALOGING SOURCE | |
| Original cataloging agency | DLC |
| Transcribing agency | WaU |
| Modifying agency | WaU |
| -- | DLC |
| 042 ## - AUTHENTICATION CODE | |
| Authentication code | premarc |
| 050 00 - LIBRARY OF CONGRESS CALL NUMBER | |
| Classification number | PK6436 |
| Item number | .R3 |
| 100 0# - MAIN ENTRY--PERSONAL NAME | |
| Personal name | Munīburraḥmān, |
| Dates associated with a name | 1924- |
| 245 10 - TITLE STATEMENT | |
| Title | Barguzīdah-ʼi shiʻr-i Fārsī-i muʻāṣir. |
| Statement of responsibility, etc. | Muʼallif: Munīb al-Rahmān. |
| 250 ## - EDITION STATEMENT | |
| Edition statement | [Chāp-i 1] |
| 260 ## - PUBLICATION, DISTRIBUTION, ETC. | |
| Place of publication, distribution, etc. | ʻAlīgarh, |
| Name of publisher, distributor, etc. | Idārah-ʼi ʻUlūm-i Islāmīyah, Dānishgāh-i Islāmī |
| Date of publication, distribution, etc. | [1958-63] |
| 300 ## - PHYSICAL DESCRIPTION | |
| Extent | 2 v. |
| Dimensions | 25 cm. |
| 490 1# - SERIES STATEMENT | |
| Series statement | Silsilah-i Intishārāt-i Idārah-ʼi ʻUlum-i Islāmīyah, |
| Volume/sequential designation | shumārah-ʼi 5-6 |
| 500 ## - GENERAL NOTE | |
| General note | Added t.p.: An anthology of modern Persian poetry, compiled by Munibur Rahman. |
| 500 ## - GENERAL NOTE | |
| General note | Prefaces in English. |
| 650 #0 - SUBJECT ADDED ENTRY--TOPICAL TERM | |
| Topical term or geographic name entry element | Persian poetry. |
| 810 2# - SERIES ADDED ENTRY--CORPORATE NAME | |
| Corporate name or jurisdiction name as entry element | Aligarh Muslim University. |
| Subordinate unit | Institute of Islamic Studies. |
| Title of a work | Publication ; |
| Volume/sequential designation | 5-6. |
No items available.